Religion Quiz

Random Religion or Verse Quiz

Seek the Lord from 1 Chronicles (NIV) Quiz Stats

 Plays Quiz not verified by Sporcle

Score 0/93 Timer 03:00
0 Plays Today
Hint Answer % Correct
the
100%
the
100%
the
100%
and
100%
and
100%
the
100%
1 Chronicles 28:9And
100%
the
100%
and
100%
and
100%
a
100%
the
100%
and
100%
the
100%
Lord
62.5%
Lord
62.5%
Lord
62.5%
Lord
62.5%
God
50%
God
50%
for
50%
in
37.5%
of
37.5%
who
37.5%
your
37.5%
your
37.5%
of
37.5%
your
37.5%
his
25%
seek
25%
to
25%
Hint Answer % Correct
his
25%
seek
25%
his
25%
to
25%
you
25%
him
25%
you
25%
seek
25%
him
25%
he
25%
will
25%
by
25%
you
25%
but
25%
you
25%
him
25%
he
25%
will
25%
you
25%
holy
12.5%
name
12.5%
those
12.5%
1 Chronicles 22:19aNow
12.5%
my
12.5%
son
12.5%
father
12.5%
with
12.5%
with
12.5%
If
12.5%
be
12.5%
if
12.5%
Hint Answer % Correct
1 Chronicles 16:10Glory
0%
let
0%
hearts
0%
rejoice
0%
1 Chronicles 16:11Look
0%
strength
0%
face
0%
always
0%
devote
0%
heart
0%
soul
0%
seeking
0%
Solomon
0%
acknowledge
0%
serve
0%
wholehearted
0%
devotion
0%
willing
0%
mind
0%
searches
0%
every
0%
heart
0%
understands
0%
every
0%
motive
0%
behind
0%
thoughts
0%
found
0%
forsake
0%
reject
0%
forever
0%

You're not logged in!

Compare scores with friends on all Sporcle quizzes.
OR
Log In

Sporcle TV

Today on Sporcle TV


Watch our educational content, quiz creation guides, and fun videos on Sporcle TV.

Show Comments

Extras

Created Aug 27, 2017ReportNominate
Tags:Verse Quiz, chronicle, lord, niv, recite, seek

Top Quizzes Today


Score Distribution

Your Account Isn't Verified!

In order to create a playlist on Sporcle, you need to verify the email address you used during registration. Go to your Sporcle Settings to finish the process.

Report this User

Report this user for behavior that violates our Community Guidelines.

Details: